| 000 | 00711 a2200229 4500 | ||
|---|---|---|---|
| 003 | CBULib | ||
| 005 | 20250123124521.0 | ||
| 008 | 250123b |||||||| |||| 00| 0 eng d | ||
| 020 | _a9781911382720 | ||
| 040 |
_bEnglish _cCBULib _erda |
||
| 050 | _aLB 2823 Dun | ||
| 100 | _aDunn, Hayley | ||
| 245 |
_aThe school business manager's handbook _c/ by Hayley Dunn |
||
| 260 |
_bJohn Catt, _c2018 _aWoodbridge : |
||
| 300 | _a250 pages : illustrations | ||
| 336 |
_2rdacontent _aText | _btxt |
||
| 337 |
_2rdamedia _aUnmediated | _bn |
||
| 338 |
_2rdacarrier _aVolume _bnc |
||
| 500 | _aIncludes bibliographical references. | ||
| 650 | 0 |
_94261 _aSCHOOL BUSINESS ADMNISTRATORS - GREAT BRITAIN |
|
| 942 |
_2lcc _c002 |
||
| 999 |
_c85923 _d85923 |
||